000 00503nam a22001697a 4500
999 _c27226
_d27226
003 BDDh-ASL
005 20231015030736.0
008 211028s1971 ii ||||| |||| 00| 0 u d
040 _aBDDh-ASL
_cBDDh-ASL
082 _a297.122
_bMAM
100 1 _95220
_aMaududi, Syed Abul Ala
245 1 0 _aMuqaddama Tafhimul Quran : / مقدمۂ تفھيم القران
260 _aDelhi :
_bMarkazi Maktaba Jamate Islami ,
_c1971.
300 _a43 p. :
_c18 cm.
650 0 _91854
_aQuran
942 _2ddc
_cBK